| 000 | 00951nam a22002897a 4500 | ||
|---|---|---|---|
| 003 | CHAP | ||
| 005 | 20220329134752.0 | ||
| 008 | 971013s1960 r 00010 d | ||
| 010 | _a25601 | ||
| 011 | _a26573 | ||
| 035 | _a30674 | ||
| 040 | _cCHAP | ||
| 090 | _aFolleto 1489 | ||
| 110 |
_aInstituto para el Mejoramiento de la Producción de Azúcar. México _959422 |
||
| 245 | _aTrabajos de la sección de suelos del IMPA. Informe de las actividades realizadas de enero de 1959 a junio de 1960 | ||
| 260 |
_aMéxico, D.F. : _bEl Instituto, _c1960 |
||
| 300 | _a15 h | ||
| 500 | _aMimeógrafo | ||
| 590 |
_aBATCH-UPD _b10 _c20130110 _lUCH01 _h1854 |
||
| 590 |
_aBATCH-UPD _b10 _c20130410 _lUCH01 _h1223 |
||
| 590 |
_aBATCH-UPD _b10 _c20130914 _lUCH01 _h2039 |
||
| 590 |
_aCONVERSION _b10 _c20130109 _lUCH01 _h1315 |
||
| 650 | 1 | 4 |
_aSuelos cañeros. _9110540 |
| 901 | _aBK | ||
| 942 | _cFOLL | ||
| 949 |
_aFolleto 1489 _bBC _cFOLL _d-71020 _eTS1 _i30674 _si |
||
| 999 |
_c25601 _d25601 |
||